Compendio Laboral 2012 Tomo I

Bibliographic Details
Main Author: Přez Chv̀ez, Još
Other Authors: Fol Olguin, Raymundo
Format: eBook
Language:Spanish
Published: Mx̌ico, D.F.: Tax Editores, 2012
Subjects:
Online Access:Acceso restringido

MARC

LEADER 00000nam a22000007a 4500
005 20120905150420.0
007 cr|||| ||||
008 120905s2012 mx |||||s|||| 00||0 spa d
020 |a 978-607-440-364-0 
035 |a 6637 
040 |a vLex 
090 |c 3364  |d 3364 
100 1 |a Přez Chv̀ez, Još 
245 1 0 |a Compendio Laboral 2012   |h [Recurso electrn̤ico] /  |c Jos ̌Přez Chv̀ez, Raymundo Fol Olguin   |n Tomo I 
256 |a Servicio en ln̕ea 
260 |a Mx̌ico, D.F.:  |b Tax Editores,  |c 2012 
300 |a 1 recurso electrn̤ico 
506 1 |a Contenido solo disponible en los productos indicados  |d vLex Global   |d vLex Global (Academic Edition, excluding Law Schools)   |d vLex Global (U.S. Academic Edition, Law Schools)   |d vLex Global (U.S. Academic Edition, excluding Law Schools)   |d vLex Global (Academic Edition, Law Schools)  
650 0 4 |a Derecho laboral  |z Mx̌ico 
700 1 |a Fol Olguin, Raymundo 
740 0 |a vLex Libros (servicio en ln̕ea) 
856 4 0 |u http://vlex.com/source/compendio-laboral-2012-tomo-i-6637  |z Acceso restringido 
942 |c BOOK 
999 0 |a Labor laws and legislation